Rzymskie zabytki - Statystyki

Ogólne statystyki
  • Ten quiz został rozwiązany 25 razy
  • Średni wynik to 4 z 20
Statystyki odpowiedzi
Obrazkowy Hint Odpowiedź % Poprawnych
Symbol Rzymu, miejsce najbardziej znane z krwawych walk gladiatorów Koloseum
100%
Świątynia wszystkich Bogów Panteon
57%
Wzniesiony dla uczczenia zwycięstwa Wespazjana i Tytusa w wojnie z Żydami i zdobycia Jerozolimy w 66 roku n.e. Łuk Tytusa
36%
Łuk zbudowany dla uhonorowania dziesięciolecia sprawowania władzy przez cesarza Konstantyna Łuk Konstantyna Wielkiego
21%
Wzniesione w 23 r. jeszcze za życia Cesarza Mauzoleum Augusta
21%
Zbudowany przez senat w 9 r. p.n.e. dla uczenia Oktawiana Augusta Ołtarz pokoju
21%
Ogromny kompleks term wzniesiony przez Karakallę Termy Karrakalli
21%
Antyczny teatr z II wieku, mogący pomieścić około 4000 widzów Amfiteatr w Ostii
14%
Oktawian zamieszkiwał budynek zanim został cesarzem. Dom Augusta
14%
Łuk upamiętniający zwycięstwa cesarza Septymiusza Sewera odniesione podczas kampanii wojennych na wschodzie Łuk Septymiusza Sewera
14%
Rekonstrukcja Port w Ostii
14%
Willa zbudowana na polecenie cesarza Hadriana w Tivoli Willa Hadriana
14%
Pałac cesarza Nerona zlokalizowany pomiędzy wzgórzami Palatynu i Eskwilinu Złoty dom Nerona
14%
Mapa Rzymu powstała za panowania Septimiusza Sewera Forma Urbis Romae
7%
Jedno z forów cesarskich w Rzymie, znajdujące się pomiędzy forami Augusta i Cezara a Forum Wespazjana Forum Nervy
7%
Zbudowana w okresie późnej republiki - świadectwo wielkiej Egiptomanii Piramida Cestiusza
7%
Wzniesiony na planie tumulusa ku czci córki wpływowego plebejusza Quintiusa Grobowiec Cecylii Metelii
0%
Zbudował majątek na wypiekaniu chleba na zlecenie Cesarza, aby głodny lud nie wzniecił buntu Grobowiec Eurysacesa
0%
Powstał ku czci cesarza Septimiusza Sewera w III w – monumentalna brama o 4 łukach Łuk triumfalny w Leptis Magna
0%
Budowla przypominająca trójkondygnacyjna fasadę teatralną, służyła celom propagandowym Septizodium
0%
Nie znaleziono quizów pasujących do podanych kryteriów
Rozkład punktacji
Procent ludzi z każdym wynikiem
Percentyl według liczby udzielonych odpowiedzi
Twoja historia wyników
Nie rozwiązałeś tego quizu